000 00744nas a2200241 4500
001 BR9202406
003 BR-BrBNA
005 20231205092505.0
007 ta
008 230509b bl.|||p| |||| 00| 00por d
040 _aBR-BrBNA
_bpor
_cBiblioteca Nacional de Agricultura
041 _a(Pt)
072 _aH10
100 1 _aMachado Neto, J.G.
100 1 _aMatuo, T.
245 1 _aAvaliacao de um amostrador para o estudo da exposicao dermica potencial de aplicadores de defensivos agricolas
650 _aDEFENSIVO
650 _aAGROTOXICO
650 _aCONTROLE QUIMICO
773 0 _tCiencia Agronomica. Jaboticabal (Brazil)
_x
_g(1989), v. 4(2) p. 22
_wBR9202406
909 _a202311
_bLúcia
_c55
_dLúcia Elande
942 _2AGRIS
_n0
_cANA
999 _c132109
_d132109